01049nam a22002417a 45000010005000000030006000050050017000110080041000280200018000690400029000870820008001161000018001242450076001422600035002183000044002534900021002975050008003185200377003265210020007035210020007236500028007437000036007715131FISKH20241107112414.0241107b cb ||||| |||| 00| 0 eng d a9781407105369 aFISKHbengcFISKHdFISKH a537 aArnold, Nick  aShocking Electricity /cby Nick Arnold : illustrated by Tony De Saulles aLondon :bScholastic ;c2000 . a173 pages : billustrations ;c21 cm .  aHorrible Science aS  aHorrible Science: Shocking Electricity is packed with sizzling zap-fillied facts to electrify every reader. Children can find out about the scientist who gave electric shocks to his eyeballs, that lightning can strike you with heat five times hotter than the sun and much more besides! Redesigned in a bold, funky new look for the next generation of Horrible Science fans.8 a810 bLexile 8 aS bRaz-Plus  achildren'svnon-fiction aSaulles, Tony De eillustrator